Statistics for U.S. States by Words on Flag

Click here to take the quiz!

General Stats

  • This quiz has been taken 15 times
  • The average score is 10 of 14

Answer Stats

HintAnswer% Correct
_______ RepublicCalifornia
91%
Great Seal of the State of _____ ☆ In God We Trust ☆Florida | Mississippi
82%
Battle BornNevada
82%
The Mount Rushmore StateSouth Dakota
82%
Sic Semper TyrannisVirginia
82%
Constitution ☆ Justice ☆ Wisdom ☆ ModerationGeorgia
73%
United We Stand ☆ Divided We FallKentucky | Missouri
73%
Liberty and IndependenceDelaware
64%
Ad Astra Per AsperaKansas
64%
Liberty and ProsperityNew Jersey
64%
The UnionOregon
64%
Our Liberties We Prize and Our Rights We Will MaintainIowa
55%
Union ☆ Justice ☆ ConfidenceLouisiana
55%
ForwardWyoming
55%

Score Distribution

Percentile by Number Answered

Percent of People with Each Score

Your Score History

You have not taken this quiz